[Event "Pardubice Czech op"]
[Site "Pardubice"]
[Date "2007.07.23"]
[Round "4"]
[White "Ibrayev, Nurlan"]
[Black "Krzesaj, Robert"]
[Result "1/2-1/2"]
[WhiteElo "2468"]
[BlackElo "2323"]
[PlyCount "108"]
[EventDate "2007.07.20"]
[EventType "swiss"]
[EventRounds "9"]
[EventCountry "CZE"]
[SourceTitle "CBM 119 Extra"]
[Source "ChessBase"]
[SourceDate "2007.09.04"]
[SourceVersion "1"]
[SourceVersionDate "2007.09.04"]
[SourceQuality "1"]

1. c4 c6 2. Nf3 d5 3. e3 Nf6 4. Nc3 a6 5. Qc2 e6 6. d4 Nbd7 7. b3 Bd6 8. Bd3 0-0 9. 0-0 e5 10. cxd5 cxd5 11. e4 exd4 12. Nxd5 Nxd5 13. exd5 Nf6 14. Bb2 Bg4 15. Nxd4 Rc8 16. Qb1 Re8 17. h3 Bh5 18. Nf5 Bg6 19. Rd1 Be5 20. d6 Bxf5 21. Bxf5 Bxb2 22. Bxc8 Bxa1 23. d7 Nxd7 24. Bxd7 Re7 25. Bg4 Bd4 26. Qd3 h5 27. Qxd4 Qxd4 28. Rxd4 hxg4 29. Rxg4 Re1+ 30. Kh2 Re2 31. a4 Rxf2 32. Rb4 b5 33. axb5 axb5 34. Rxb5 Rb2 35. Kg3 Kh7 36. Kf3 f5 37. g4 fxg4+ 38. hxg4 Kh6 39. b4 g6 40. Ke4 Rg2 41. g5+ Kh5 42. Kd4 Rg4+ 43. Kc3 Rg3+ 44. Kc4 Rg4+ 45. Kb3 Rg3+ 46. Ka4 Rf3 47. Rc5 Rf5 48. Rxf5 gxf5 49. Kb3 f4 50. Kc2 Kxg5 51. b5 Kg4 52. b6 f3 53. Kd2 Kh3 54. Ke3 Kg2 1/2-1/2

[Event "Montpellier op"]
[Site "Montpellier"]
[Date "2007.07.12"]
[Round "6"]
[White "Krzesaj, Robert"]
[Black "Maze, Sebastien"]
[Result "1/2-1/2"]
[WhiteElo "2323"]
[BlackElo "2530"]
[PlyCount "78"]
[EventDate "2007.12.26"]
[EventType "swiss"]
[EventRounds "7"]
[EventCountry "FRA"]
[SourceTitle "CBM 119 Extra"]
[Source "ChessBase"]
[SourceDate "2007.09.04"]
[SourceVersion "1"]
[SourceVersionDate "2007.09.04"]
[SourceQuality "1"]

1. d4 Nf6 2. Nf3 g6 3. b3 Bg7 4. Bb2 d5 5. c4 c6 6. e3 Bg4 7. Be2 0-0 8. h3 Bxf3 9. Bxf3 Ne4 10. 0-0 f5 11. Nd2 e6 12. Be2 Nd7 13. b4 Ndf6 14. Nxe4 Nxe4 15. Qd3 Qh4 16. Bc3 a6 17. Be1 Qf6 18. f3 Ng5 19. Bg3 Nf7 20. Rab1 h5 21. a4 h4 22. Bf2 Rfd8 23. b5 axb5 24. axb5 e5 25. bxc6 bxc6 26. Rb6 exd4 27. exd4 Rd6 28. Qb3 Re8 29. Bd3 Bh6 30. cxd5 cxd5 31. Rxd6 Qxd6 32. Bxh4 Be3+ 33. Bf2 Ng5 34. Bxe3 Rxe3 35. Kf2 Re6 36. Rb1 Nxh3+ 37. gxh3 Qh2+ 38. Kf1 Qh1+ 39. Kf2 Qh2+ 1/2-1/2

[Event "Perla Baltyku op-A 3rd"]
[Site "Mielno"]
[Date "2007.06.21"]
[Round "5"]
[White "Krzesaj, Robert"]
[Black "Sopur, Lech"]
[Result "1/2-1/2"]
[WhiteElo "2301"]
[BlackElo "2372"]
[PlyCount "108"]
[EventDate "2007.06.18"]
[EventType "swiss"]
[EventRounds "9"]
[EventCountry "POL"]
[SourceTitle "CBM 119 Extra"]
[Source "ChessBase"]
[SourceDate "2007.09.04"]
[SourceVersion "1"]
[SourceVersionDate "2007.09.04"]
[SourceQuality "1"]

1. d4 c6 2. c4 d5 3. Nc3 Nf6 4. Nf3 e6 5. e3 Nbd7 6. Qc2 Bb4 7. Bd2 Qe7 8. Bd3 0-0 9. 0-0 Re8 10. a3 Bd6 11. e4 dxc4 12. Bxc4 e5 13. Be3 exd4 14. Bxd4 Ne5 15. Bxe5 Bxe5 16. Nxe5 Qxe5 17. h3 Qg5 18. Kh1 Qh4 19. Rfe1 Bxh3 20. gxh3 Qxh3+ 21. Kg1 Ng4 22. Rad1 Ne5 23. Re3 Nf3+ 24. Rxf3 Qxf3 25. Rd3 Qf4 26. Qd1 Rad8 27. Rd7 Rxd7 28. Qxd7 Qg5+ 29. Kf1 Qe7 30. Qf5 g6 31. Qf3 Rf8 32. Qf4 b5 33. Ba2 b4 34. axb4 Qxb4 35. Qc7 Qb6 36. Qd7 Qxb2 37. Qxc6 Kg7 38. Qc7 Qb8 39. Qe7 Qd8 40. Qc5 Qd3+ 41. Kg2 Qd7 42. Bd5 Qg4+ 43. Kf1 Qh3+ 44. Ke2 Rc8 45. Qd4+ f6 46. Kd2 Qh6+ 47. Kc2 Rc7 48. e5 Qg5 49. f4 fxe5 50. fxe5 Re7 51. e6+ Qf6 52. Qc5 Qf5+ 53. Kb3 Rxe6 54. Qxa7+ Qf7 1/2-1/2

[Event "Marianske Lazne IM"]
[Site "Marianske Lazne"]
[Date "2007.01.26"]
[Round "10"]
[White "Krzesaj, Robert"]
[Black "Blazkova, Petra"]
[Result "1-0"]
[WhiteElo "2314"]
[BlackElo "2235"]
[PlyCount "63"]
[EventDate "2007.01.19"]
[EventType "tourn"]
[EventRounds "11"]
[EventCountry "CZE"]
[EventCategory "2"]
[SourceTitle "CBM 116 Extra"]
[Source "ChessBase"]
[SourceDate "2007.03.07"]
[SourceVersion "1"]
[SourceVersionDate "2007.03.07"]
[SourceQuality "1"]

1. Nf3 Nf6 2. b3 d6 3. d4 g6 4. Bb2 Bg7 5. g3 0-0 6. Bg2 e5 7. dxe5 Ng4 8. h3 Nxe5 9. Nxe5 dxe5 10. Qxd8 Rxd8 11. Nd2 Nd7 12. 0-0-0 Re8 13. Nc4 Nb6 14. Na5 Rb8 15. Rd2 e4 16. Rhd1 Bxb2+ 17. Kxb2 Be6 18. Bxe4 Bxb3 19. axb3 Rxe4 20. Rd8+ Rxd8 21. Rxd8+ Kg7 22. e3 Re5 23. Nxb7 h5 24. Rd4 c5 25. Rd1 c4 26. Nd6 cxb3 27. cxb3 a5 28. e4 a4 29. b4 Re6 30. Kc3 Re7 31. Kd4 Rc7 32. Ne8+ 1-0

[Event "Marianske Lazne IM"]
[Site "Marianske Lazne"]
[Date "2007.01.25"]
[Round "7"]
[White "Weinzettl, Ernst"]
[Black "Krzesaj, Robert"]
[Result "1/2-1/2"]
[WhiteElo "2364"]
[BlackElo "2314"]
[PlyCount "71"]
[EventDate "2007.01.19"]
[EventType "tourn"]
[EventRounds "11"]
[EventCountry "CZE"]
[EventCategory "2"]
[SourceTitle "CBM 116 Extra"]
[Source "ChessBase"]
[SourceDate "2007.03.07"]
[SourceVersion "1"]
[SourceVersionDate "2007.03.07"]
[SourceQuality "1"]

1. e4 c6 2. Nc3 d5 3. Nf3 Bg4 4. h3 Bxf3 5. Qxf3 e6 6. a3 Nd7 7. d3 Ngf6 8. g3 g6 9. Qe2 Bg7 10. Bg2 0-0 11. 0-0 Ne8 12. Bd2 Nd6 13. Rae1 Qb6 14. Nd1 Rae8 15. Bb4 c5 16. Bd2 d4 17. f4 f5 18. exf5 exf5 19. Qf3 Kh8 20. Rxe8 Rxe8 21. Re1 Rxe1+ 22. Bxe1 Qc7 23. Qe2 Nf6 24. c4 Qd7 25. b4 b6 26. bxc5 bxc5 27. Nb2 Nf7 28. a4 Bf8 29. a5 Bd6 30. Qf3 Nd8 31. Bd2 Kg7 32. Qd1 Qc7 33. Qb3 Kf8 34. Qb5 Qe7 35. Bf3 Ne8 36. Kf2 1/2-1/2

[Event "Marianske Lazne IM"]
[Site "Marianske Lazne"]
[Date "2007.01.20"]
[Round "2"]
[White "Krzesaj, Robert"]
[Black "Babula, Milan"]
[Result "1-0"]
[WhiteElo "2314"]
[BlackElo "2318"]
[PlyCount "127"]
[EventDate "2007.01.19"]
[EventType "tourn"]
[EventRounds "11"]
[EventCountry "CZE"]
[EventCategory "2"]
[SourceTitle "CBM 116 Extra"]
[Source "ChessBase"]
[SourceDate "2007.03.07"]
[SourceVersion "1"]
[SourceVersionDate "2007.03.07"]
[SourceQuality "1"]

1. d4 Nf6 2. Nf3 c5 3. d5 d6 4. Nc3 g6 5. e4 Bg7 6. Be2 0-0 7. 0-0 Na6 8. Nd2 e5 9. Nc4 Ne8 10. f4 exf4 11. Bxf4 Bxc3 12. bxc3 f6 13. a4 Qe7 14. Bd3 Nb8 15. h3 Nd7 16. Qe2 Ne5 17. Ne3 Bd7 18. Bb5 Nc7 19. Bxd7 Qxd7 20. Bxe5 fxe5 21. Ng4 Qg7 22. Qe3 h5 23. Nh2 Rxf1+ 24. Rxf1 Rf8 25. c4 Rxf1+ 26. Kxf1 Qf6+ 27. Nf3 Kg7 28. g3 Ne8 29. Kg2 Kg8 30. Qb3 Qe7 31. Qe3 Qf6 32. Ng5 h4 33. g4 Ng7 34. Nf3 Kh7 35. Qg5 Qxg5 36. Nxg5+ Kg8 37. Nf3 Ne8 38. Nxh4 Kf7 39. Nf3 Nc7 40. h4 Na8 41. Nd2 Nb6 42. a5 Na8 43. Kf3 b6 44. Nb3 bxa5 45. Nxa5 Nb6 46. g5 a6 47. Kg4 Kg7 48. h5 Kh7 49. h6 Kg8 50. Kf3 Kf8 51. Ke3 Kg8 52. Kd3 Nd7 53. Nb7 Nf8 54. Nxd6 Nh7 55. Nb7 Nxg5 56. d6 Nf7 57. d7 g5 58. d8Q+ Nxd8 59. Nxd8 a5 60. Ne6 g4 61. Nxc5 Kh7 62. Na4 Kxh6 63. c5 g3 64. Ke3 1-0

[Event "Illes Medes op 1st"]
[Site "Illes Medes"]
[Date "2007.01.03"]
[Round "8"]
[White "Krzesaj, Robert"]
[Black "Midoux, Sebastien"]
[Result "1-0"]
[WhiteElo "2308"]
[BlackElo "2343"]
[PlyCount "71"]
[EventDate "2006.12.28"]
[EventType "swiss"]
[EventRounds "9"]
[EventCountry "ESP"]
[SourceTitle "CBM 116 Extra"]
[Source "ChessBase"]
[SourceDate "2007.03.07"]
[SourceVersion "1"]
[SourceVersionDate "2007.03.07"]
[SourceQuality "1"]

1. d4 Nf6 2. Nf3 c5 3. d5 g6 4. Nc3 Bg7 5. e4 d6 6. Be2 0-0 7. 0-0 Na6 8. Nd2 Nc7 9. a4 b6 10. Nc4 Ba6 11. Bf4 Nd7 12. Re1 f5 13. Qd2 fxe4 14. Nxe4 Rf5 15. Bg5 Rxd5 16. Qe3 Ne5 17. Nexd6 Ne6 18. Rad1 Nd4 19. Rxd4 cxd4 20. Qe4 Rc5 21. Bxe7 Qxe7 22. Qxa8+ Bf8 23. b4 Bxc4 24. Nxc4 d3 25. bxc5 dxe2 26. Rxe2 Qd7 27. Qe4 Nf7 28. c6 Qd8 29. Qd3 Qf6 30. Qe4 Bb4 31. c7 Qa1+ 32. Re1 Bxe1 33. c8Q+ Kg7 34. g3 Bc3+ 35. Kg2 Qd1 36. Ne3 1-0

[Event "Illes Medes op 1st"]
[Site "Illes Medes"]
[Date "2007.01.01"]
[Round "6"]
[White "Krzesaj, Robert"]
[Black "Sabria Batlle, Pol"]
[Result "1-0"]
[WhiteElo "2308"]
[BlackElo "1984"]
[PlyCount "87"]
[EventDate "2006.12.28"]
[EventType "swiss"]
[EventRounds "9"]
[EventCountry "ESP"]
[SourceTitle "CBM 116 Extra"]
[Source "ChessBase"]
[SourceDate "2007.03.07"]
[SourceVersion "1"]
[SourceVersionDate "2007.03.07"]
[SourceQuality "1"]

1. d4 Nf6 2. Nf3 e6 3. g3 d5 4. Bg2 Be7 5. 0-0 0-0 6. c4 dxc4 7. Qa4 a6 8. Qxc4 b5 9. Qc2 Bb7 10. Rd1 Qc8 11. Bg5 h6 12. Bxf6 Bxf6 13. Nbd2 Nd7 14. Rac1 Bxf3 15. Bxf3 Ra7 16. Nb3 a5 17. Bc6 b4 18. Qc4 Rd8 19. Qb5 a4 20. Na5 Qa6 21. Qxa6 Rxa6 22. Nb7 Rb8 23. Bxd7 Rxb7 24. Bc8 Rab6 25. Bxb7 Rxb7 26. Rc6 a3 27. b3 Kf8 28. e4 Ke8 29. e5 Be7 30. f4 Kd7 31. Rc4 Rb5 32. Rdc1 Rb7 33. Kf2 h5 34. h3 g6 35. g4 Bh4+ 36. Kf3 hxg4+ 37. hxg4 Be7 38. Ke4 Bf8 39. Rh1 Be7 40. Rh7 Ke8 41. Rc6 Bd8 42. Ra6 c5 43. Rh8+ Ke7 44. dxc5 1-0

[Event "Warsaw AIG Life rapid 6th"]
[Site "Warsaw"]
[Date "2006.12.16"]
[Round "5"]
[White "Bobras, Piotr"]
[Black "Krzesaj, Robert"]
[Result "0-1"]
[WhiteElo "2527"]
[BlackElo "2308"]
[PlyCount "76"]
[EventDate "2006.12.16"]
[EventType "swiss (rapid)"]
[EventRounds "13"]
[EventCountry "POL"]
[SourceTitle "CBM 115 Extra"]
[Source "ChessBase"]
[SourceDate "2007.01.10"]
[SourceVersion "1"]
[SourceVersionDate "2007.01.10"]
[SourceQuality "1"]

1. e4 c6 2. d4 d5 3. Nc3 dxe4 4. Nxe4 Bf5 5. Ng3 Bg6 6. h4 h6 7. Nf3 Nd7 8. h5 Bh7 9. Bd3 Bxd3 10. Qxd3 e6 11. Bf4 Qa5+ 12. Bd2 Bb4 13. c3 Be7 14. c4 Qc7 15. 0-0-0 Ngf6 16. Kb1 0-0 17. Rde1 a5 18. Ne2 Ng4 19. Rhf1 Rad8 20. Qc2 Bb4 21. Bf4 Bd6 22. g3 Bxf4 23. Nxf4 e5 24. dxe5 Ndxe5 25. Nh4 Rd4 26. f3 Nf6 27. b3 Rfd8 28. Nf5 R4d7 29. c5 Nd3 30. Nxd3 Rxd3 31. Nd6 Rd5 32. g4 b6 33. Nf5 Rxc5 34. Qg2 Qf4 35. Ka1 Rd2 36. Re2 Rc1+ 37. Rxc1 Rxe2 38. Qg1 Qd2 0-1

[Event "Pardubice op-A"]
[Site "Pardubice"]
[Date "2006.07.29"]
[Round "9"]
[White "Sofronie, Iulian"]
[Black "Krzesaj, Robert"]
[Result "1-0"]
[WhiteElo "2410"]
[BlackElo "2275"]
[PlyCount "61"]
[EventDate "2006.07.21"]
[EventType "swiss"]
[EventRounds "9"]
[EventCountry "CZE"]
[SourceTitle "CBM 113 Extra"]
[Source "ChessBase"]
[SourceDate "2006.09.14"]
[SourceVersion "1"]
[SourceVersionDate "2006.09.14"]
[SourceQuality "1"]

1. e4 c6 2. d4 d5 3. exd5 cxd5 4. c4 Nf6 5. Nc3 e6 6. Nf3 Bb4 7. cxd5 Nxd5 8. Bd2 Nc6 9. Bd3 Be7 10. 0-0 0-0 11. a3 Bf6 12. Qe2 b6 13. Rad1 Nxc3 14. Bxc3 Bb7 15. Ne5 g6 16. Be4 Rc8 17. Qf3 Bxe5 18. dxe5 Qc7 19. h4 Ba8 20. h5 Ne7 21. Bxa8 Rxa8 22. Bb4 Rfe8 23. Qf6 Nd5 24. Qg5 Nxb4 25. axb4 Qe7 26. Qf4 Red8 27. Rd6 Rd7 28. Rfd1 Rad8 29. h6 f5 30. exf6 Qf7 31. Rxd7 1-0